00805nam a22001937a 4500003000200000005001700002008004100019050003000060100002900090245006000119260009000179300003600269504004100305650007800346650007900424650004200503650003900545650002700584020250129101905.0150828b xxu||||| |||| 00| 0 eng d aPGS GV 1469.3b.C125 2015 aCadorna, Marc Russel O.  aVideo games and study habits /cMarc Russel O. Cadorna. aLas Piñas City, Philippines :bSouthville International School and Colleges,c2015. a26 p. :bill. ;c28 cm. fPASS  aIncludes bibliographical references. 2Library of Congress Subject HeadingsaVideo gamesvPsychological aspects. 2Library of Congress Subject HeadingsaStudy skillsvPsychological aspects. aAcademic achievementvSocial aspects. aChildrenvEffect of technology on. aGrade six (Education).